00816nam a2200241 a 450000100060000000300080000600500170001400800410003103500190007204000270009104100080011808200210012610000250014724501510017225000220032326000650034530000200041049000390043050400200046965000160048970000300050583000390053534265BD-RjUL20211209052129.0190106r19651925enk 001 0 eng d a(BD-RjUL)34359 aANLbengcANLdBD-RjUL aeng04a060.42bLAS 19651 aLambourn, Eleanor O.12aA simple guide to committee procedure and the work of the officers of a society or club /cby Eleanor O Lambourn ; with a foreword by Dorothy wood arev. and enl. ed. aLondon :bGeorge Allen & Unwin Ltd.,c1925 [Impression 1965] a64 p. ;c17 cm. aPractical handbook series;v no. 6 aIncludes index. 0aCommittees. awood, Dorothy, foreworder aPractical handbook series;v no. 6